000 01566cam a22002054a 4500
005 20250605164150.0
008 250528s ||||||||||||||||||||||||d
035 _a19339
020 _a9600335982
040 _aGR-AtMCL
_bgre
_dGR-AtMCL
_eAACR2
245 1 _aΗ Μελέτη της Ανθρώπινης Ανάπτυξης: Οικοσυστημική Προσέγγιση / Παρουσίαση της Θεωρίας του Urie Bronfenbrenner με βάση Ευρήματα από τη Διεθνή Έρευνα
250 _a
260 _bΚαστανιώτη,
_c2003
300 _a296
520 _aΣτο παρόν βιβλίο παρουσιάζονται οι κυριότερες θέσεις της οικοσυστημικής προσέγγισης για τη μελέτη της ανθρώπινης ανάπτυξης. Πρόλογος, Η Ανάπτυξη ως Αποτέλεσμα της Διαρκούς Αλληλεπίδρασης Ατόμου και Περιβάλλοντος - Θεωρήσεις, Η Οικοσυστημική Θεώρηση του Bronfenbrenner για την Ανθρώπινη Ανάπτυξη, Το Μικροσύστημα, Το Μεσοσύστημα, Το Εξωσύστημα, Το Μακροσύστημα, Το Χρονοσύστημα, Θέματα Ερευνητικής Μεθοδολογίας, Βιβλιογραφικές Αναφορές, Παράρτημα Ι και ΙΙ.
700 1 _aΠετρογιάννης Κωνσταντίνος
_95587
942 _cBK
999 _c4599
_d4599